National Anthem of Fiji - "God Bless Fiji" - Statistics

General Stats
  • This quiz has been taken 13 times
  • The average score is 69 of 72
Answer Stats
Answer % Correct
and
100%
and
100%
As
100%
banner
100%
bless
100%
Blessing
100%
blue,
100%
cause
100%
defend
100%
ever,
100%
ever
100%
ever
100%
Fiji.
100%
Fiji!
100%
Fiji,
100%
Fiji,
100%
Fiji,
100%
Fiji,
100%
For
100%
For
100%
freedom
100%
God
100%
God
100%
grant,
100%
hail
100%
her
100%
honour
100%
isles
100%
let
100%
march
100%
name
100%
nations,
100%
noble
100%
of
100%
of
100%
of
100%
oh
100%
on
100%
onward
100%
pride.
100%
ring
100%
stand
100%
the
100%
the
100%
together,
100%
under
100%
united
100%
voices
100%
we
100%
we
100%
with
100%
a
88%
and
88%
and
88%
befall.
88%
bless
88%
endure
88%
far
88%
Fiji,
88%
forever
88%
freedom,
88%
glory,
88%
God
88%
hope
88%
land
88%
May
88%
more!
88%
of
88%
our
88%
to
88%
wide,
88%
whatever
75%
No matching quizzes found
Score Distribution
Percent of People with Each Score
Percentile by Number Answered
Your Score History
You have not taken this quiz